25 Movie Brothers Quiz Stats

Quiz Updated Oct 19, 2015

Challenge
Share
Tweet
Score 0/25 Timer 08:00
0 Plays Today
% Correct
The Lion King
99.4%
The Blues Brothers
95.4%
Thor
90.6%
Rain Man
87.9%
Napoleon Dynamite
83%
Twins
81.4%
The Lord of the Rings: The Two Towers
68.2%
What's Eating Gilbert Grape
66.3%
The Fighter
65.5%
The Godfather
65.4%
Troy
64.7%
Ocean's Eleven
62.4%
American History X
59%
% Correct
Backdraft
54.9%
Kill Bill: Vol. 2
49.7%
On the Waterfront
45.7%
American Gangster
42.5%
Raging Bull
40.5%
From Dusk till Dawn
36.5%
The Boondock Saints
36.2%
Foxcatcher
34.8%
Little Nicky
33.5%
The Royal Tenenbaums
31.2%
Legends of the Fall
29.4%
A Simple Plan
13.8%

You're not logged in!

Compare scores with friends on all Sporcle quizzes.
Sign Up with Email
OR
Log In

You Might Also Like...

Show Comments

Extras

Top Quizzes Today


Score Distribution

Your Account Isn't Verified!

In order to create a playlist on Sporcle, you need to verify the email address you used during registration. Go to your Sporcle Settings to finish the process.